RateYourMusic top 250 albums of all time - Statistics

General Stats
  • This quiz has been taken 163 times
  • The average score is 82 of 250
Answer Stats
# Artist Answer % Correct
1 Kendrick Lamar To Pimp A Butterfly
97%
3 Radiohead In Rainbows
93%
2 Radiohead OK Computer
93%
4 Pink Floyd Wish You Were Here
89%
5 Madvillain Madvillainy
86%
6 King Crimson In the Court of the Crimson King
84%
10 Pink Floyd The Dark Side of the Moon
84%
11 The Beatles Abbey Road
82%
8 Kendrick Lamar good kid, m.A.A.d city
82%
15 Nas Illmatic
75%
9 My Bloody Valentine Loveless
74%
16 The Velvet Undergound The Velvet Underground & Nico
74%
17 The Beatles Revolver
73%
12 Talking Heads Remain in Light
71%
7 Radiohead Kid A
70%
25 Kanye West My Beautiful Dark Twisted Fantasy
70%
46 Frank Ocean Blond
69%
41 Tyler, the Creator Igor
69%
73 Nirvana Nevermind
66%
30 The Beach Boys Pet Sounds
66%
26 Pink Floyd Animals
65%
33 Stevie Wonder Songs in the Key of Life
65%
31 Neutral Milk Hotel In the Aeroplane Over the Sea
64%
36 Kanye West The College Dropout
63%
20 Björk Vespertine
63%
77 Nirvana In Utero
61%
21 Black Sabbath Paranoid
61%
18 John Coltrane A Love Supreme
60%
23 Miles Davis Kind of Blue
60%
55 MF DOOM MM..FOOD
60%
38 The Smiths The Queen is Dead
60%
40 Cocteau Twins Heaven or Las Vegas
59%
34 Death Grips The Money Store
59%
13 David Bowie The Rise and Fall ofZiggy Stardust and the
Spiders From Mars
59%
54 Marvin Gaye What's Going On
59%
22 The Cure Disintegration
58%
35 Portishead Dummy
58%
29 Slint Spiderland
58%
27 Fishmans Long Season
57%
28 King Crimson Red
57%
68 Daft Punk Discovery
56%
24 Wu-Tang Clan Enter the Wu-Tang (36 Chambers)
56%
48 Björk Homogenic
56%
49 Kate Bush Hounds of Love
55%
37 Slowdive Souvlaki
55%
74 The Doors The Doors
55%
42 Danny Brown Atrocity Exhibition
54%
44 The Beatles Sgt. Pepper's LonelyHearts Club Band
54%
62 Pixies Doolittle
53%
71 Led Zeppelin Led Zeppelin (IV)
53%
32 Nick Drake Pink Moon
53%
70 Jimi Hendrix Electric Ladyland
52%
14 Mingus The Black Saint andthe Sinner Lady
52%
45 Joy Division Unknown Pleasures
52%
67 Have a Nice Life Deathconsciousness
51%
69 J Dilla Donuts
51%
95 Jeff Buckley Grace
51%
86 Kanye West Late Registration
51%
119 Fleetwood Mac Rumours
51%
39 The Microphones The Glow Pt. 2
51%
57 Miles Davis Bitches Brew
50%
63 Sufjan Stevens Illinois
50%
50 A Tribe Called Quest The Low End Theory
50%
130 Radiohead A Moon Shaped Pool
49%
59 David Bowie Blackstar
49%
64 Bob Dylan Highway 61 Revisited
49%
113 The Strokes Is This It
49%
121 Joni Mitchell Blue
48%
58 Yes Close to the Edge
48%
128 The Clash London Calling
48%
61 Television Marquee Moon
48%
175 Michael Jackson Thriller
48%
85 OutKast Aquemini
47%
19 Godspeed YouBlack Emperor! Lift Your Skinny Fists LikeAntennas to Heaven
47%
92 Massive Attack Mezzanine
47%
66 Swans Soundtracks for the Blind
47%
78 Bob Dylan Blonde on Blonde
46%
185 Radiohead The Bends
46%
84 Nine Inch Nails The Downward Spiral
46%
82 Black Country, New Road Ants From Up There
45%
188 Lauryn Hill The Miseducation of Lauryn Hill
45%
88 Jimi Hendrix Are You Experienced
44%
87 Sufjan Stevens Carrie & Lowell
44%
152 Tyler, the Creator Flower Boy
44%
56 David Bowie Low
44%
99 Metallica Master of Puppets
44%
53 Elliott Smith Either / Or
43%
83 Metallica Ride the Lightning
42%
112 The Beatles Rubber Soul
42%
141 The Notorious B.I.G. Ready to Die
41%
76 David Bowie Station to Station
40%
80 Bob Dylan Blood on the Tracks
39%
198 KIDS SEE GHOSTS KIDS SEE GHOSTS
39%
109 Swans To Be Kind
39%
81 Joy Division Closer
38%
51 Godspeed YouBlack Emperor! F#A#
38%
110 Freddie Gibbs & Madlib Piñata
38%
168 Rage Against the Machine Rage Against the Machine
38%
100 The Velvet Underground The Velvet Underground
38%
101 Black Sabbath Black Sabbath
37%
89 A Tribe Called Quest Midnight Marauders
37%
94 Genius/GZA Liquid Swords
36%
65 Aphex Twin Selected Ambient Works (85-92)
36%
43 Miles Davis In a Silent Way
35%
97 Stevie Wonder Innervisions
35%
201 Kanye West Yeezus
35%
103 Frank Zappa Hot Rats
34%
72 Black Sabbath Master of Reality
34%
145 Björk Post
34%
211 Prince & The Revolution Purple Rain
34%
91 Leonard Cohen Songs of Leonard Cohen
34%
162 System of a Down Toxicity
34%
139 Car Seat Headrest Twin Fantasy
34%
160 Fiona Apple When the Pawn
34%
75 Talk Talk Laughing Stock
33%
122 Depeche Mode Violator
33%
153 Arcade Fire Funeral
32%
137 OutKast ATLiens
31%
150 JPEGMAFIA LP!
31%
102 The Avalanches Since I Left You
31%
105 The Cure Pornography
30%
138 Joanna Nesom Ys
30%
248 JPEGMAFIA & Danny Brown Scaring the Hoes
29%
165 Smashing Pumpkins Siamese Dream
29%
93 Sweet Trip Velocity: Design: Comfort
29%
179 Deftones White Pony
29%
118 George Harrison All Things Must Pass
28%
146 Sade Love Deluxe
28%
108 Can Tago Mago
28%
249 Funkadelic Maggot Brain
27%
174 Queens of the Stone Age Songs for the Deaf
27%
90 Death Symbolic
27%
52 The Beatles The Beatles (White Album)
27%
132 David Bowie Hunky Dory
26%
186 Duster Stratosphere
26%
161 Weyes Blood Titanic Rising
26%
172 Interpol Turn on the Bright Lights
26%
210 Steely Dan Aja
25%
200 Alice in Chains Dirt
25%
164 Pink Floyd Meddle
25%
143 Boards of Canada Music Has the Right to Children
25%
235 Ween Quebec
25%
203 The Stone Roses The Stone Roses
25%
166 Mos Def Black on Both Sides
24%
79 Pharoah Sanders Karma
24%
106 Modest Mouse The Lonesome Crowded West
24%
107 Sonic Youth Daydream Nation
23%
111 John Coltrane Giant Steps
23%
206 Herbie Hancock Head Hunters
23%
181 The Microphones Mount Eerie
23%
114 Talk Talk Spirit of Eden
23%
98 Milton Nascimento& Lô Borges Clube da Esquina
22%
96 Can Future Days
22%
157 Boards of Canada Geogaddi
22%
117 Mobb Deep The Infamous
22%
149 Burial Untrue
22%
227 D'Angelo Voodoo
22%
126 The Velvet Underground White Light / White Heat
22%
104 Sigur Rós Ágætis byrjun
21%
233 black midi Hellfire
20%
209 Little Simz Sometimes I Might Be Introvert
20%
60 DJ Shadow Entroducing.....
19%
173 Boris Flood
19%
151 Megadeth Rust in Peace
19%
159 Songs: Ohia The Magnolia Electric Co
19%
124 Neil Young After the Gold Rush
18%
123 The Stooges Fun House
18%
170 David Bowie "Heroes"
18%
133 Charles Mingus Mingus Ah Um
18%
120 Steve Reich andMusicians Music for 18 Musicians
18%
135 Tom Waits Rain Dogs
18%
115 Talking Heads Stop Making Sense
18%
241 Elliott Smith Elliott Smith
17%
131 Unwound Leaves Turn Inside You
17%
229 Death Grips Bottomless Pit
16%
178 Electric Wizard Dopethrone
16%
239 Stereolab Dots and Loops
16%
177 Talking Heads Fear of Music
16%
169 Larks' Tongues in Aspic King Crimson
16%
116 John Coltrane My Favorite Things
16%
247 The Rolling Stones Sticky Fingers
16%
136 Kate Bush The Dreaming
16%
202 Swans The Seer
16%
148 Sweet Trip You Will Never Know Why
16%
183 King Crimson Discipline
15%
176 Can Ege Bamyasi
15%
158 Nick Drake Five Leaves Left
15%
156 Built to Spill Perfect From Now On
15%
244 Jethro Tull Thick as a Brick
14%
154 Eno Another Green World
13%
187 Boris Boris at Last -Feedbacker-
13%
127 Bob Dylan Bringing It All Back Home
13%
225 Converge Jane Doe
13%
47 Fishmans Otokotachi no wakare
13%
215 Genesis Selling England by the Pound
13%
193 Daft Punk Alive 2007
11%
207 Curtis Mayfield Curtis
11%
134 Alice Coltrane Journey in Satchidananda
11%
245 Joanna Newsom Have One on Me
10%
213 Iron Maiden Powerslave
10%
129 Swans Swans Are Dead
10%
221 Cocteau Twins Treasure
10%
212 Chico Buarque Construção
9%
237 CreedenceClearwater Revival Cosmo's Factory
9%
190 Feta Kuti & The Africa '70 Expensive Shit
9%
191 Miles Davis Get Up With It
9%
234 Death Human
9%
142 King Gizzard &The Lizard Wizard Live at Red Rocks
9%
204 Nirvana MTV Unplugged in New York
9%
140 The Zombies Odessey and Oracle
9%
240 Slayer Reign in Blood
9%
125 Neil Young / Crazy Horse Rust Never Sleeps
9%
171 Leonard Cohen Songs of Love and Hate
9%
147 The Beach Boys The Smile Session
9%
189 Fishmans Uchu Nippon Setagaya
9%
242 Viktor Vaughn Vaudeville Villain
9%
199 Judas Priest Painkiller
8%
197 Akira Yamaoka Silent Hill 2
8%
246 Gustavo Certai Bocanada
7%
195 Comus First Utterance
7%
231 C418 Minecraft Soundtrack
7%
217 Pescado Rabioso Artaud
6%
182 Invisible El jardín de los presentes
5%
232 Fela Kuti / The Africa '70 Zombie
5%
224 Parannoul After the Night
4%
184 Jorge Ben Fôrça bruta
4%
222 The Stooges Raw Power
4%
220 Jorge Ben A Tábua de Esmeralda
3%
230 John Coltrane Blue Train
3%
194 Neil Young / Crazy Horse Everybody Knows This Is Nowhere
3%
163 Death Grips Jenny Death: ThePowers That B
3%
180 King Gizzard &The Lizard Wizard Live in Chicago
3%
226 Prince Sign the Times
3%
250 LCD Soundsystem The Long Goodbye
3%
216 Talking Heads The Name of This BandIs Talking Heads
3%
205 Ludwig van Beethoven /Berliner Philharmoniker / Herbert von Karajan IX. Symphonie
2%
219 Various Artists The Fire This Time
2%
236 The Kinks The Kinks Are the VillageGreen Preservation Society
2%
208 Tool Laterus
1%
155 A Tribe Called Quest We got if from Here...Thank You 4 Your service
1%
167 Novos Baianos Acaboy chorare
0%
192 Art Blakey and The Jazz Messengers Art Blaker and The JazzMessengers [Moanin']
0%
214 Juan Gabriel Juan Gabriel en el Palacio de Bellas Artes
0%
223 Charles Mingus Let My Children Jear Music
0%
218 Neil Young Live at Massey Hall
0%
144 Bob Dylan On the Beach
0%
243 Bob Dylan The Bootleg Series Vol. 4
0%
228 King Crimson The Great Deceiver
0%
238 John Coltrane The Olatunji Concert: TheLast Living Recording
0%
196 Townes Ven Zandt Townes Wan Zandt
0%
No matching quizzes found
Score Distribution
Percent of People with Each Score
Percentile by Number Answered
Your Score History
You have not taken this quiz